LEADER 00958nam a2200253 i 4500 001 991001733819707536 005 20020502201645.0 008 970908s1994 it ||| | ita 020 $a8815047522 035 $ab10899728-39ule_inst 035 $aLE02375589$9ExL 040 $aDip.to Studi Storici$bita 082 0 $a945.41 100 1 $aBaldissara, Luca$0139579 245 10$aPer una cittą pił bella e pił grande :$bil governo municipale di Bologna negli ultimi anni della ricostruzione (1945-1946) /$cLuca Baldissara 260 $aBologna :$c1994 300 $a424 p. 651 4$aBologna$xAmministrazione$y1945-1946 907 $a.b10899728$b02-04-14$c28-06-02 912 $a991001733819707536 945 $aLE023 945.41 BAL 1 1$g1$i2023000038611$lle023$o-$pE0.00$q-$rl$s- $t0$u0$v0$w0$x0$y.i11005324$z28-06-02 996 $aPer una citta piu bella e piu grande$9498962 997 $aUNISALENTO 998 $ale023$b01-01-97$cm$da $e-$fita$git $h0$i1 LEADER 01660nas 2200505-a 450 001 9910891365203321 005 20260218110726.0 035 $a(CKB)2320000000000288 035 $a(CONSER)--2007255496 035 $a(DE-599)ZDB2698361-8 035 $a(DE-599)2698361-8 035 $a(EXLCZ)992320000000000288 100 $a20070629a20029999 --- - 101 0 $apol 181 $ctxt$2rdacontent 182 $cc$2rdamedia 183 $acr$2rdacarrier 200 00$aAutoportret $epismo o dobrej przestrzeni 210 $aKraków $cMa?opolski Instytut Kultury 215 $a1 online resource 300 $aSome issues also have a distinctive title. 311 08$aPrint version: Autoportret : 1730-3613 (DLC) 2007255496 (OCoLC)147946489 606 $aSpace (Architecture)$vPeriodicals 606 $aUrban landscape architecture$vPeriodicals 606 $aArchitecture$vPeriodicals 606 $aCulture$vPeriodicals 606 $aArchitecture$2fast$3(OCoLC)fst00813346 606 $aCulture$2fast$3(OCoLC)fst00885059 606 $aSpace (Architecture)$2fast$3(OCoLC)fst01127601 606 $aUrban landscape architecture$2fast$3(OCoLC)fst01162472 608 $aPeriodicals.$2fast 615 0$aSpace (Architecture) 615 0$aUrban landscape architecture 615 0$aArchitecture 615 0$aCulture 615 7$aArchitecture. 615 7$aCulture. 615 7$aSpace (Architecture) 615 7$aUrban landscape architecture. 712 02$aMa?opolski Instytut Kultury. 906 $aJOURNAL 912 $a9910891365203321 920 $aexl_impl conversion 996 $aAutoportret$94257159 997 $aUNINA